Sejarah tamadun Islam Ibn Kathir : Jilid 8

Bibliographic Details
Main Author: Abu al-Fida', Isma'il Ibn 'Umar
Other Authors: Ahmad Nasir Mohd Yusoff, Haris Yunus, Zaidah Mohd Nor, Zalinah Mohd Nor
Format: Book
Published: Lubnan : Maktabah al-Ma'arib , 2005
Subjects:

MARC

LEADER 00000cam a2200000 7i4500
001 0000015181
005 20080318.0
008 080318
020 |a 983627295X 
090 0 0 |a 909.097671   |b ABU 
100 1 |a Abu al-Fida', Isma'il Ibn 'Umar 
245 1 0 |a Sejarah tamadun Islam Ibn Kathir :   |b Jilid 8   |c Abu al-Fida' al-Hafiz Ibn Kathir ; penterjemah Zaidah Mohd Nor... [et al.] 
260 |a Lubnan :   |b Maktabah al-Ma'arib ,   |c 2005 
650 0 |a Civilization Islamic   |x History 
650 0 |a Ibn Kathir, Ismail Ibn Umar, 1301-1373 
650 0 |a Leadership 
650 0 |a Prophets, Pre-Islam 
700 0 |a Ahmad Nasir Mohd Yusoff 
700 0 |a Haris Yunus 
700 0 |a Zaidah Mohd Nor 
700 0 |a Zalinah Mohd Nor 
999 |a 0001017743   |b Book   |c Adult Collection   |e Perbadanan Perpustakaan Awam Johor 
999 |a 0001017744   |b Book   |c Adult Collection   |e Perbadanan Perpustakaan Awam Johor 
999 |a 0001017745   |b Book   |c Adult Collection   |e Perbadanan Perpustakaan Awam Johor 
999 |a 0001017746   |b Book   |c Adult Collection   |e Perbadanan Perpustakaan Awam Johor